Village planning in the primitive world / (Record no. 76397)
[ view plain ]
| 000 -LEADER | |
|---|---|
| fixed length control field | 00946cam a2200325 4500 |
| 001 - CONTROL NUMBER | |
| control field | 76397 |
| 003 - CONTROL NUMBER IDENTIFIER | |
| rucl marc code | BD-RjUL |
| 005 - DATE AND TIME OF LATEST TRANSACTION | |
| control field | 20211209082832.0 |
| 008 - FIXED-LENGTH DATA ELEMENTS--GENERAL INFORMATION | |
| fixed length control field | 191201s1968 enkabe b 001 0 eng |
| 020 ## - INTERNATIONAL STANDARD BOOK NUMBER | |
| International Standard Book Number | 0289795672 |
| 035 ## - SYSTEM CONTROL NUMBER | |
| System control number | (BD-RjUL)76618 |
| 040 ## - CATALOGING SOURCE | |
| Original cataloging agency | DLC |
| Transcribing agency | DLC |
| Modifying agency | DLC |
| Language of cataloging | eng |
| 041 ## - LANGUAGE CODE | |
| Language code of text/sound track or separate title | eng |
| 082 00 - DEWEY DECIMAL CLASSIFICATION NUMBER | |
| Classification number | 711/.4 |
| Edition number | 23 |
| Author mark and year | FRV 1968 |
| 100 1# - MAIN ENTRY--PERSONAL NAME | |
| Personal name | Fraser, Douglas, |
| Dates associated with a name | 1929-1982. |
| 9 (RLIN) | 235810 |
| 245 10 - TITLE STATEMENT | |
| Title | Village planning in the primitive world / |
| Statement of responsibility, etc. | Douglas Fraser |
| 260 ## - PUBLICATION, DISTRIBUTION, ETC. (IMPRINT) | |
| Place of publication, distribution, etc. | Newyork : |
| Name of publisher, distributor, etc. | Grorge Braziller , |
| Date of publication, distribution, etc. | 1968. |
| 300 ## - PHYSICAL DESCRIPTION | |
| Pagination | 128 p. : |
| Illustrations | illus., maps, plan., |
| Size | 25 cm. |
| 350 ## - PRICE (NR) (BK AM CF MU VM SE) [OBSOLETE] | |
| Price | 42/- |
| 490 0# - SERIES STATEMENT | |
| Series statement | Planning and cities |
| 504 ## - BIBLIOGRAPHY, ETC. NOTE | |
| Bibliography, etc | Bibliography: p. 118-119. |
| 650 #0 - SUBJECT ADDED ENTRY--TOPICAL TERM | |
| Topical term or geographic name as entry element | City planning. |
| 9 (RLIN) | 235811 |
| Topical term or geographic name as entry element | Villages. |
| 9 (RLIN) | 235812 |
| 906 ## - LOCAL DATA ELEMENT F, LDF (RLIN) | |
| a | 7 |
| b | cbc |
| c | orignew |
| d | 4 |
| e | ncip |
| f | 19 |
| g | y-gencatlg |
| 942 ## - ADDED ENTRY ELEMENTS (KOHA) | |
| Source of classification or shelving scheme | Dewey Decimal Classification |
| Koha item type | Books |
| Lost status | Source of classification or shelving scheme | Damaged status | Not for loan | Collection code | Permanent Location | Current Location | Shelving location | Date acquired | Source of acquisition | Cost, normal purchase price | Total Checkouts | Full call number | Date last seen | Copy number | Koha item type |
|---|---|---|---|---|---|---|---|---|---|---|---|---|---|---|---|
| Dewey Decimal Classification | Not For Loan | Non-fiction | Central Library, University of Rajshahi | Central Library, University of Rajshahi | Reading Room | 30/05/1970 | Zeitlinger | 5.95 | 711.4 FRV 1968 | 01/12/2019 | C-1 | Books | |||
| Dewey Decimal Classification | Non-fiction | Central Library, University of Rajshahi | Central Library, University of Rajshahi | 10/01/1970 | Zeitlinger | 0.00 | 711.4 FRV 1968 | 01/12/2019 | C-2 | Books |